00717nam a2200181 a 450000100100000000500170001000800410002702000150006804000250008308200150010824500800012326000720020330000280027550000740030370000280037795201130040599900170051800004154220201002035630.0131009s1995 sp a 000 0 spa d a8400074726 aDO-SdBNPbspacBNPHU axxxbP783k00aKeynote lectures in selected topics of polymer science /ceditor E. Riande. aMadrid :bConsejo Superior de Investigaciones Científicas,c1995. a270 P. :bil. ;c24 cm. aIncluye referencias bibliográficas y notas al pie de las páginas.1 aRiande, Evaristo968274 001050718MOaGRbGRcCTd2013-10-09iLF1l0oxxx P783kp41542-10r2020-06-25w2020-06-25y1ZNo se presta c41032d41032